[Event "Hauts de Seine-ch"]
[Site "Issy les Moulineaux"]
[Date "2003.10.04"]
[Round "3"]
[White "Bangnoi, Alexandre"]
[Black "Costes, Thierry"]
[Result "0-1"]
[WhiteElo "2108"]
[BlackElo "2192"]
[PlyCount "44"]
[EventDate "2003.10.04"]
[EventType "swiss"]
[EventRounds "7"]
[EventCountry "FRA"]
[SourceTitle "EXT 2008"]
[Source "ChessBase"]
[SourceDate "2007.11.25"]
[SourceVersion "1"]
[SourceVersionDate "2007.11.25"]
[SourceQuality "1"]

1. f4 d5 2. Nf3 e6 3. e3 Bd6 4. b3 f5 5. Bb2 Nf6 6. Ne5 0-0 7. Be2 b6 8. d3 Bb7 9. Nd2 c5 10. 0-0 Nbd7 11. Qe1 Rc8 12. Qg3 Qe7 13. Bf3 Ba6 14. Nxd7 Qxd7 15. Rf2 Qc7 16. c4 d4 17. Be2 e5 18. exd4 exd4 19. Raf1 Rce8 20. Bc1 Rxe2 21. Rxe2 Nh5 22. Qh4 Nxf4 0-1

[Event "Hauts de Seine-ch"]
[Site "Issy les Moulineaux"]
[Date "2003.10.04"]
[Round "2"]
[White "Costes, Thierry"]
[Black "Benmenni, Boubekeur"]
[Result "1-0"]
[WhiteElo "2192"]
[BlackElo "1780"]
[PlyCount "47"]
[EventDate "2003.10.04"]
[EventType "swiss"]
[EventRounds "7"]
[EventCountry "FRA"]
[SourceTitle "EXT 2008"]
[Source "ChessBase"]
[SourceDate "2007.11.25"]
[SourceVersion "1"]
[SourceVersionDate "2007.11.25"]
[SourceQuality "1"]

1. e4 Nf6 2. Nc3 d5 3. d4 Nxe4 4. Nxe4 dxe4 5. Bf4 Bf5 6. f3 e6 7. g4 Bg6 8. h4 h5 9. g5 Bd6 10. Nh3 Bf5 11. Qd2 exf3 12. 0-0-0 c6 13. Bd3 Bxd3 14. Qxd3 Bxf4+ 15. Nxf4 Qc7 16. Qxf3 g6 17. d5 e5 18. d6 Qa5 19. Nxg6 fxg6 20. Qf6 Rh7 21. Qe6+ Kd8 22. Rhf1 Rh8 23. Qf6+ Kd7 24. Qg7+ 1-0